[Event "7th Sunway Sitges 2020"]
[Site "Sitges ESP"]
[Date "2020.12.15"]
[Round "3.25"]
[White "Cuenca Jimenez, Jose Fernando"]
[Black "Villar Reymundo, Juan Antonio"]
[Result "1/2-1/2"]
[WhiteTitle "GM"]
[WhiteElo "2528"]
[BlackElo "2129"]
[WhiteFideId "2255570"]
[BlackFideId "3802744"]
[EventDate "2020.12.13"]

1. c4 c5 2. Nf3 g6 3. e4 Bg7 4. d4 cxd4 5. Nxd4 Nf6 6. Nc3 d6 7. Be2 O-O 8. O-O
Nc6 9. Be3 Bd7 10. h3 Nxd4 11. Bxd4 Bc6 12. Qc2 Nd7 13. Bxg7 Kxg7 14. b4 b6 15.
Rad1 Qc7 16. Qd2 a5 17. a3 Kg8 18. f4 axb4 19. axb4 Nf6 20. Qe3 Ra3 21. Qd4 Rc8
22. Rf3 Rca8 23. Bf1 Qa7 24. Rfd3 Qc7 25. Qe3 Ra1 26. e5 Rxd1 27. Rxd1 Ne8 28.
e6 f5 29. Qd4 Ra3 30. Rd3 Ra8 31. g4 Ng7 32. Re3 Qb7 33. Qd2 Ra1 34. Qb2 Qa8 35.
Kf2 fxg4 36. hxg4 Ra3 37. Qd2 Qf8 38. Qd4 h5 39. Be2 hxg4 40. Bxg4 Nf5 41. Bxf5
Qxf5 42. Ne2 Ra2 43. b5 1/2-1/2

[Event "7th Sunway Sitges 2020"]
[Site "Sitges ESP"]
[Date "2020.12.15"]
[Round "3.26"]
[White "Ruperez, Miguel"]
[Black "Gatineau, Yovann"]
[Result "1/2-1/2"]
[BlackTitle "IM"]
[WhiteElo "2124"]
[BlackElo "2423"]
[WhiteFideId "115177"]
[BlackFideId "26028999"]
[EventDate "2020.12.13"]

1. d4 f5 2. Nf3 Nf6 3. g3 e6 4. Bg2 Be7 5. O-O O-O 6. c4 d6 7. Nc3 Ne4 8. Nxe4
fxe4 9. Nd2 d5 10. f3 e3 11. Nb1 c5 12. Bxe3 cxd4 13. Bxd4 e5 14. Bxe5 Nc6 15.
Bc3 Qb6+ 16. Kh1 d4 17. Be1 Qxb2 18. Nd2 Bf5 19. Nb3 a5 20. Rf2 Bc2 21. e4 Bxd1
22. Rxb2 Bxf3 23. Nd2 Bxg2+ 24. Kxg2 Bb4 25. Nf3 Rxf3 26. Kxf3 Ne5+ 27. Kg2 Nd3
28. Re2 Nxe1+ 29. Rexe1 Bxe1 30. Rxe1 Rc8 31. Rc1 Kf7 32. Kf3 Ke6 33. Rb1 Rxc4
34. Rxb7 Rc2 35. Rxg7 Rxh2 36. a4 Ra2 37. Rxh7 Rxa4 38. Rh6+ Ke7 39. e5 d3 1/2-1/2

[Event "7th Sunway Sitges 2020"]
[Site "Sitges ESP"]
[Date "2020.12.15"]
[Round "3.27"]
[White "Travadon, Loic"]
[Black "Pozanco Romasanta, Marc"]
[Result "1/2-1/2"]
[WhiteTitle "IM"]
[WhiteElo "2421"]
[BlackElo "2116"]
[WhiteFideId "26092131"]
[BlackFideId "2255138"]
[EventDate "2020.12.13"]

1. c4 Nf6 2. Nc3 g6 3. Nf3 Bg7 4. e4 d6 5. d4 O-O 6. Be2 e5 7. d5 a5 8. Bg5 h6
9. Be3 Ng4 10. Bd2 f5 11. h3 Nf6 12. exf5 gxf5 13. Qc1 f4 14. g3 e4 15. Nh4 e3
16. fxe3 fxg3 17. Ng6 Re8 18. Nf4 Na6 19. Rg1 Nc5 20. Qc2 Re5 21. Bd3 Nxd3+ 22.
Qxd3 Ne4 23. Nxe4 Bf5 24. Qe2 Rxe4 25. Rxg3 Qh4 26. Qf2 Kh8 27. Ng2 Qh5 28. Rxg7
Kxg7 29. Nf4 Rxf4 30. Qxf4 Kh7 31. Kf2 Rf8 32. Rg1 Rf7 33. Ke1 Bd3 34. Qg4 Qxg4
35. hxg4 Bxc4 36. Rh1 Bxd5 37. e4 Bxe4 38. Rxh6+ Kg7 39. g5 Rf3 40. Bc3+ Kf7 41.
Bxa5 b6 42. Bc3 Rg3 43. Rf6+ Ke7 44. Rf4 d5 45. Be5 Rg2 46. Kf1 Rc2 47. Rf6 Bd3+
48. Kg1 Re2 49. Bxc7 Rxb2 50. Bd6+ Kd7 51. a3 Be4 52. Bf4 b5 53. Kf1 Ra2 54. Ra6
b4 55. Rd6+ Ke7 56. axb4 Rb2 57. Rf6 d4 58. Bd6+ Kd7 59. Bc5 d3 60. Rd6+ Kc7 61.
g6 Rg2 62. Rd4 d2 63. Rxe4 d1=Q+ 64. Kxg2 Qd5 65. Kf3 Qf5+ 66. Ke3 Qxg6 67. Rf4
Kc6 68. Kd4 Kb5 69. Rf8 Qg4+ 70. Ke5 Qd7 71. Rb8+ Kc4 72. Rf8 Qd5+ 73. Kf6 Qf3+ 1/2-1/2

[Event "7th Sunway Sitges 2020"]
[Site "Sitges ESP"]
[Date "2020.12.15"]
[Round "3.28"]
[White "Mitran, Anthony Cristian"]
[Black "Martin Duque, Jesus"]
[Result "1/2-1/2"]
[BlackTitle "IM"]
[WhiteElo "2157"]
[BlackElo "2414"]
[WhiteFideId "240052"]
[BlackFideId "2208954"]
[EventDate "2020.12.13"]

1. c4 b6 2. Nc3 Bb7 3. e4 c5 4. Nf3 Nc6 5. d4 cxd4 6. Nxd4 g6 7. Bg5 Bg7 8. Ndb5
Nf6 9. Bxf6 Bxf6 10. Nd5 Be5 11. f4 Bb8 12. Qd2 O-O 13. O-O-O a6 14. Na3 e5 15.
f5 Nd4 16. Qh6 Bxd5 17. cxd5 b5 18. Rd3 Qf6 19. Rh3 Rc8+ 20. Kb1 Bd6 21. Qxh7+
Kf8 22. fxg6 Qxg6 23. Qxg6 fxg6 24. Rh7 Bxa3 25. bxa3 d6 26. g3 Kg8 27. Rd7 Rd8
28. Rxd8+ Rxd8 29. Bd3 Rf8 30. Rf1 Rxf1+ 31. Bxf1 a5 32. Kb2 Kf7 33. Kc3 Ke7 34.
h4 Kf6 35. Kd2 g5 36. Be2 gxh4 37. gxh4 Kg6 38. Bd1 Kf6 39. Ke3 Kg6 40. Kd2 Kf6
41. Ke3 1/2-1/2

[Event "7th Sunway Sitges 2020"]
[Site "Sitges ESP"]
[Date "2020.12.15"]
[Round "3.29"]
[White "Vlachos, Anatole"]
[Black "Ezquerro Luque, Albert"]
[Result "0-1"]
[WhiteTitle "IM"]
[WhiteElo "2413"]
[BlackElo "2101"]
[WhiteFideId "26093189"]
[BlackFideId "2276682"]
[EventDate "2020.12.13"]

1. d4 Nf6 2. c4 e6 3. Nf3 b6 4. g3 Bb7 5. Bg2 Ne4 6. O-O f5 7. d5 Na6 8. Nd4 Qf6
9. Bxe4 fxe4 10. Nc3 exd5 11. cxd5 Bc5 12. Nc2 Qg6 13. Be3 O-O 14. Bxc5 bxc5 15.
Ne3 d6 16. a3 Nb8 17. Qa4 Qf7 18. Nxe4 Bxd5 19. Nxd5 Qxd5 20. Rad1 Qc6 21. Qc4+
Kh8 22. Ng5 h6 23. Ne6 Re8 24. Qg4 Qd7 25. Qf3 Na6 26. Nf4 Rab8 27. Rd2 Qf7 28.
h4 Rb3 29. Qg4 Nb8 30. Rd5 Nd7 31. Rd2 Ne5 32. Qh5 Qxh5 33. Nxh5 Reb8 34. Nf4
Rxb2 35. Rxb2 Rxb2 36. Rc1 Kg8 37. Nd5 Rxe2 38. Nxc7 Nd3 39. Rd1 c4 40. Nd5 Kf7
41. f3 Ke6 42. Rxd3 cxd3 43. Nf4+ Ke5 44. Nxe2 dxe2 45. Kf2 Kd4 46. Kxe2 h5 47.
Kd2 d5 48. Ke2 Kc3 49. g4 d4 50. Kd1 Kd3 51. gxh5 Ke3 52. a4 Kxf3 53. Kd2 Kg4
54. Kd3 Kxh5 55. Kxd4 Kxh4 56. Ke3 Kg3 0-1

[Event "7th Sunway Sitges 2020"]
[Site "Sitges ESP"]
[Date "2020.12.15"]
[Round "3.30"]
[White "Altisen Palmada, Roberto"]
[Black "Ayats Llobera, Gerard"]
[Result "0-1"]
[BlackTitle "IM"]
[WhiteElo "2102"]
[BlackElo "2400"]
[WhiteFideId "2208652"]
[BlackFideId "32067607"]
[EventDate "2020.12.13"]

1. e4 c5 2. Nf3 e6 3. d4 cxd4 4. Nxd4 Nf6 5. Bd3 Nc6 6. Nxc6 dxc6 7. O-O e5 8.
Bg5 h6 9. Bh4 Be7 10. Nd2 Bg4 11. f3 Be6 12. Bf2 Qc7 13. Bc4 Bd7 14. a4 O-O 15.
c3 b5 16. Be2 Rfb8 17. Qc2 Be6 18. Rfc1 Nd7 19. b4 a5 20. axb5 cxb5 21. Rxa5
Rxa5 22. bxa5 Qxa5 23. Rb1 Nc5 24. c4 b4 25. Qb2 Na4 26. Qa1 Bc5 27. Bxc5 Qxc5+
28. Kf1 Nc3 29. Rc1 Qe3 0-1

[Event "7th Sunway Sitges 2020"]
[Site "Sitges ESP"]
[Date "2020.12.15"]
[Round "3.31"]
[White "Valenzuela Gomez, Fernando"]
[Black "Llopis de Aysa, Manuel"]
[Result "1-0"]
[WhiteTitle "IM"]
[BlackTitle "CM"]
[WhiteElo "2390"]
[BlackElo "2093"]
[WhiteFideId "3409392"]
[BlackFideId "2203162"]
[EventDate "2020.12.13"]

1. e4 d6 2. d4 Nf6 3. Nc3 e5 4. dxe5 dxe5 5. Qxd8+ Kxd8 6. Bc4 Be6 7. Bxe6 fxe6
8. f3 Bd6 9. Be3 a6 10. Nh3 Ke7 11. Nb1 Nc6 12. Nf2 h6 13. Nd2 Na5 14. Ke2 b5
15. c3 Nd7 16. g3 c5 17. Rhc1 c4 18. b4 Nb7 19. a4 a5 20. bxa5 Nxa5 21. axb5 Bc5
22. Rcb1 Bxe3 23. Kxe3 Nb6 24. Ng4 Kd6 25. Rd1 Kc5 26. Nxe5 Rhd8 27. f4 Nb3 28.
Rxa8 Rxa8 29. Nef3 Na4 30. Nd4 Nxc3 31. N2xb3+ cxb3 32. Nxb3+ Kb4 33. Ra1 Rxa1
34. Nxa1 Nxb5 35. Nc2+ Kc3 36. Ne1 Nd6 37. Nf3 Nc4+ 38. Ke2 g6 39. e5 Nb6 40. h3
Nd5 41. Nh4 Ne7 42. Ke3 h5 43. Ke4 Kc4 44. g4 hxg4 45. hxg4 Kc5 46. Nf3 Kc6 47.
Ng5 Kd7 48. Nh7 Ke8 49. Kd4 Nc8 50. Kc5 Ke7 51. Kc6 Na7+ 52. Kb6 Nc8+ 53. Kb7
Kd8 54. Nf8 Ne7 55. Nxe6+ Kd7 56. Nc5+ Kd8 57. Nd3 Kd7 58. Kb6 Nd5+ 59. Kc5 Ne3
60. Nf2 Ng2 61. Nd3 Ne3 62. g5 Ke6 63. Kd4 Nf5+ 64. Ke4 Ng3+ 65. Kf3 Nf5 66. Ne1
Kd5 67. Nc2 Nh4+ 68. Kg4 Nf5 69. Ne1 Ke4 70. Ng2 Kd5 71. Nh4 Ne7 72. Nxg6 Nxg6
73. Kf5 Nh4+ 74. Kf6 Ng2 75. e6 Kd6 1-0

[Event "7th Sunway Sitges 2020"]
[Site "Sitges ESP"]
[Date "2020.12.15"]
[Round "3.32"]
[White "Silva, Pedro Gil Ferreira Da"]
[Black "Lin, Yingrui"]
[Result "1/2-1/2"]
[WhiteElo "2100"]
[BlackElo "2387"]
[WhiteFideId "1946102"]
[BlackFideId "32094272"]
[EventDate "2020.12.13"]

1. e4 c5 2. Nf3 d6 3. d4 cxd4 4. Qxd4 Nc6 5. Bb5 Bd7 6. Bxc6 Bxc6 7. Nc3 Nf6 8.
Bg5 e6 9. O-O-O Be7 10. Rhe1 O-O 11. Kb1 h6 12. Bxf6 Bxf6 13. Qxd6 Qa5 14. Qd2
Bxc3 15. Qxc3 Qxc3 16. bxc3 Rfc8 17. Nd4 Be8 18. Re3 Kf8 19. f4 Rc5 20. e5 Rac8
21. Kb2 Ke7 22. g4 Bc6 23. Nb3 Rb5 24. Rd4 Bd5 25. h4 Rb6 26. f5 Rbc6 27. g5
hxg5 28. hxg5 b5 29. f6+ gxf6 30. exf6+ Kd6 31. g6 fxg6 32. Rg4 R6c7 33. Nd4 Rb7
34. f7 b4 35. c4 Bxc4 36. Rxg6 Rxf7 37. Nxe6 Rf2 38. Nd4+ Kd5 39. Nf3 Kc5 40.
Re5+ Bd5 41. Rgg5 Kb6 42. Nd4 Bc6 43. Re6 Rf7 44. Rb5+ Ka6 45. Rc5 Rf4 46.
Rcxc6+ Rxc6 47. Nxc6 Kb7 48. Na5+ Kc7 49. Rc6+ Kb8 50. Rc4 Rf5 51. Rxb4+ Ka8 52.
Nc6 Rf8 53. Rb8+ Rxb8+ 54. Nxb8 Kxb8 55. Kb3 Kb7 56. Kb4 Kb6 57. a4 Kc6 58. c4
Kb6 59. c5+ Kc6 60. a5 Kc7 61. Kb5 Kb7 62. c6+ Kc7 63. Kc5 Kb8 64. Kd5 Kc7 65.
a6 Kc8 66. Kd6 Kd8 67. c7+ Kc8 68. Kc6 1/2-1/2

[Event "7th Sunway Sitges 2020"]
[Site "Sitges ESP"]
[Date "2020.12.15"]
[Round "3.33"]
[White "Garcia Ramos, Daniel"]
[Black "Maloberti, David"]
[Result "1-0"]
[WhiteTitle "FM"]
[WhiteElo "2380"]
[BlackElo "2076"]
[WhiteFideId "32010311"]
[BlackFideId "620149"]
[EventDate "2020.12.13"]

1. e4 e6 2. d4 d5 3. Nc3 Bb4 4. e5 c5 5. a3 Bxc3+ 6. bxc3 Ne7 7. h4 Qa5 8. Bd2
Qa4 9. h5 h6 10. Nf3 Nbc6 11. Rh4 c4 12. Be2 Bd7 13. Rf4 Rf8 14. Kf1 O-O-O 15.
Nh4 Nf5 16. Nxf5 exf5 17. g4 Ne7 18. gxf5 Nxf5 19. Bg4 g5 20. Rxf5 1-0

[Event "7th Sunway Sitges 2020"]
[Site "Sitges ESP"]
[Date "2020.12.15"]
[Round "3.34"]
[White "Kanov, Nikola"]
[Black "Ootes, Lars"]
[Result "1/2-1/2"]
[WhiteTitle "CM"]
[BlackTitle "IM"]
[WhiteElo "2079"]
[BlackElo "2373"]
[WhiteFideId "2928531"]
[BlackFideId "1019708"]
[EventDate "2020.12.13"]

1. e4 d6 2. d4 Nf6 3. Nc3 g6 4. Be3 a6 5. h3 Bg7 6. f4 Nfd7 7. Qf3 c5 8. dxc5
Nxc5 9. Bxc5 dxc5 10. e5 Nc6 11. Qf2 Qa5 12. Nf3 Nb4 13. Bd3 Nxd3+ 14. cxd3 Bf5
15. d4 Bd3 16. dxc5 O-O 17. O-O-O Bc4 18. Kb1 Rfd8 19. Rd4 Bd3+ 20. Ka1 Rxd4 21.
Qxd4 Rd8 22. Qe3 Bc4 23. Nd2 Bxa2 24. Nxa2 Qxd2 25. Qf3 Qd5 26. Qxd5 Rxd5 27.
Rc1 g5 28. Nb4 Rd4 29. c6 bxc6 30. Nxc6 Ra4+ 31. Kb1 e6 32. fxg5 Re4 33. Nb8
Bxe5 34. Nxa6 Bf4 35. Rc3 Re1+ 36. Ka2 Re2 37. g3 Bxg5 38. Nc5 Kg7 39. Rc4 f5
40. Kb1 Bf6 41. b4 Kf7 42. g4 Rb2+ 43. Kc1 Rh2 44. gxf5 exf5 45. Nd3 Bg5+ 46.
Kb1 Rxh3 47. Kc2 Rh2+ 48. Kb3 Rd2 49. Ne5+ Kf6 50. Nf3 Rd6 51. b5 h5 52. Kc3 Be3
53. Rc6 Bf4 54. Rc8 Bg3 55. Rf8+ Kg7 56. Rxf5 h4 57. Rh5 Kg6 58. Rg5+ Kh6 59.
Rg4 Rf6 60. Nxh4 Be1+ 61. Kc4 Kh5 62. Re4 Bxh4 63. Rxh4+ Kxh4 64. Kc5 Rf8 65. b6
Kg5 66. b7 Kf6 67. Kd6 Re8 68. Kc7 Ke7 1/2-1/2

[Event "7th Sunway Sitges 2020"]
[Site "Sitges ESP"]
[Date "2020.12.15"]
[Round "3.35"]
[White "Millaret Lores, Francesc"]
[Black "Garcia Martin, Marta"]
[Result "0-1"]
[BlackTitle "IM"]
[WhiteElo "2073"]
[BlackElo "2342"]
[WhiteFideId "2272741"]
[BlackFideId "32084030"]
[EventDate "2020.12.13"]

1. e4 c5 2. Nf3 e6 3. d4 cxd4 4. Nxd4 a6 5. c4 Nf6 6. Nc3 Bb4 7. Qd3 O-O 8. e5
Ne8 9. Be2 d6 10. Nf3 Nc6 11. a3 Bxc3+ 12. Qxc3 dxe5 13. Nxe5 Nd4 14. Bd1 f6 15.
Nf3 e5 16. O-O Be6 17. b3 Nxf3+ 18. Bxf3 Qc7 19. Rd1 Nd6 20. Bb2 Rfd8 21. Rac1
Nf5 22. Be4 Rd7 23. Qf3 Rad8 24. Bd5 Qb6 25. Qxf5 Rxd5 26. Qf3 e4 27. Qe2 Rd3
28. Rxd3 exd3 29. Qe4 Bf7 30. b4 d2 31. Rd1 Re8 32. Qb1 Bg6 33. Qa1 Re2 34. c5
Qe6 35. Bc3 Bc2 36. Bxd2 Bxd1 37. Qxd1 Re5 38. Be3 Rd5 39. Qb3 Kf7 40. h3 Rd7
41. Qc2 f5 42. Bf4 Qe4 43. Qb3+ Qd5 44. Qc3 Re7 45. Bd6 Re6 46. Kh2 Rg6 47. f3
Qa2 48. Bg3 f4 0-1

[Event "7th Sunway Sitges 2020"]
[Site "Sitges ESP"]
[Date "2020.12.15"]
[Round "3.36"]
[White "Yu, Jennifer"]
[Black "Rut, Vojtech"]
[Result "1-0"]
[WhiteTitle "FM"]
[WhiteElo "2328"]
[BlackElo "2057"]
[WhiteFideId "2078341"]
[BlackFideId "333190"]
[EventDate "2020.12.13"]

1. d4 f5 2. g3 Nf6 3. Bg2 e6 4. c4 d5 5. Nf3 Bd6 6. O-O O-O 7. Nc3 c6 8. Qc2 Ne4
9. Rb1 Nd7 10. b4 b6 11. b5 Qc7 12. Nxe4 dxe4 13. Ng5 Nf6 14. f3 h6 15. fxe4
hxg5 16. e5 Bd7 17. exd6 Qxd6 18. Qd3 cxb5 19. cxb5 e5 20. dxe5 Qxe5 21. Bb2
Qc5+ 22. Bd4 Qe7 23. Bxa8 Rxa8 24. Bxf6 gxf6 25. Qd5+ 1-0

[Event "7th Sunway Sitges 2020"]
[Site "Sitges ESP"]
[Date "2020.12.15"]
[Round "3.37"]
[White "Boyer, Mahel"]
[Black "Carroll, Peter"]
[Result "1-0"]
[WhiteTitle "FM"]
[BlackTitle "CM"]
[WhiteElo "2307"]
[BlackElo "2031"]
[WhiteFideId "45102422"]
[BlackFideId "2510243"]
[EventDate "2020.12.13"]

1. d4 Nf6 2. Nf3 e6 3. Bg5 c5 4. e3 Qb6 5. Qc1 Ne4 6. Bf4 Be7 7. Bd3 d5 8. c3 g5
9. Be5 f6 10. Bg3 Nd7 11. Bxe4 dxe4 12. Nfd2 f5 13. Na3 cxd4 14. cxd4 O-O 15. h4
f4 16. Bh2 Ne5 17. dxe5 fxe3 18. O-O e2 19. Re1 Qxf2+ 20. Kh1 Bb4 21. Nc2 gxh4
22. Nxe4 Qxe1+ 23. Nxe1 Rf1+ 24. Bg1 1-0

[Event "7th Sunway Sitges 2020"]
[Site "Sitges ESP"]
[Date "2020.12.15"]
[Round "3.38"]
[White "Cano Sevilla, Ivan"]
[Black "Garcia Gimenez, Santiago"]
[Result "1-0"]
[WhiteElo "2052"]
[BlackElo "2300"]
[WhiteFideId "32043546"]
[BlackFideId "32063350"]
[EventDate "2020.12.13"]

1. d4 Nf6 2. Bf4 d5 3. e3 c5 4. c3 Nc6 5. Nd2 e6 6. Ngf3 Be7 7. Ne5 O-O 8. Bd3
Qb6 9. Rb1 Nxe5 10. dxe5 Nd7 11. h4 Rd8 12. Nf3 Nf8 13. h5 Bd7 14. Rh3 Bb5 15.
Rg3 Bxd3 16. Qxd3 Rd7 17. Bh6 g6 18. Rg4 a5 19. a4 Qa6 20. Ke2 Qxd3+ 21. Kxd3
Rc7 22. Bxf8 Kxf8 23. Rh1 Kg7 24. Rg3 Bd8 25. Rgh3 Kg8 26. hxg6 fxg6 27. Ng1 Rf7
28. Ne2 Bc7 29. Nf4 Bxe5 30. Nxe6 b6 31. f3 Bf6 32. Nf4 Rd8 33. Ne2 Re7 34. f4
Rb8 35. f5 gxf5 36. Rf1 Re5 37. Rh5 Rbe8 38. Rf3 Bg7 39. Rhxf5 Rxf5 40. Rxf5 Re5
41. Rxe5 Bxe5 42. e4 dxe4+ 43. Kxe4 Bc7 44. Kd5 Kf7 45. Kc6 Bd8 46. Kd7 Bg5 47.
Kc7 Ke6 48. Kxb6 Kd5 49. Kb5 Be3 50. Ng3 Bf2 51. Nf5 Ke6 52. g4 Kf6 53. Nd6 Ke5
54. Ne8 h6 55. Kxa5 Kf4 56. Nf6 Bh4 57. Ng8 Bg5 58. Kb5 Kxg4 59. Nxh6+ Bxh6 60.
a5 c4 61. a6 Be3 62. Kxc4 Kf5 63. Kd5 Kf6 64. c4 1-0

[Event "7th Sunway Sitges 2020"]
[Site "Sitges ESP"]
[Date "2020.12.15"]
[Round "3.39"]
[White "Dalaud, Dorian"]
[Black "Menac Comas, Joan Ramon"]
[Result "1-0"]
[BlackTitle "CM"]
[WhiteElo "2291"]
[BlackElo "2014"]
[WhiteFideId "36093270"]
[BlackFideId "2255308"]
[EventDate "2020.12.13"]

1. d4 Nf6 2. c4 b6 3. Nc3 Bb7 4. Nf3 g6 5. Qc2 d5 6. cxd5 Nxd5 7. e4 Nxc3 8.
bxc3 Bg7 9. h4 h6 10. Bb5+ Nd7 11. e5 e6 12. Be3 Qe7 13. Rd1 a6 14. Bd3 b5 15.
a4 Bd5 16. axb5 axb5 17. Bxb5 c6 18. Be2 Nb6 19. c4 Bxf3 20. Bxf3 O-O 21. O-O
Rfc8 22. h5 g5 23. Be4 Nd5 24. cxd5 cxd5 25. Bh7+ Kh8 26. Qd3 Ra3 27. Qb1 Rcc3
28. Rd3 Rab3 29. Rxc3 Rxb1 30. Bxb1 Bf8 31. Bd3 Qb4 32. Rc8 Kg7 33. Rb1 Qa3 34.
Bc2 Bb4 35. g3 Qa6 36. Rb8 Qe2 37. Bd1 Qe1+ 38. Kg2 Bf8 39. Bg4 Qa5 40. R1b7 Qa6
41. Rd7 Qc6 42. Rdd8 f5 43. exf6+ Kxf6 44. Rxf8+ Kg7 45. Rg8+ Kh7 46. Rgc8 1-0

[Event "7th Sunway Sitges 2020"]
[Site "Sitges ESP"]
[Date "2020.12.15"]
[Round "3.40"]
[White "Fernandez Alonso, Miguel Angel"]
[Black "Garcia Jimenez, Francisco Javier"]
[Result "1/2-1/2"]
[BlackTitle "FM"]
[WhiteElo "2045"]
[BlackElo "2288"]
[WhiteFideId "2253852"]
[BlackFideId "2231590"]
[EventDate "2020.12.13"]

1. d4 c5 2. d5 Nf6 3. c4 b5 4. cxb5 a6 5. e3 axb5 6. Bxb5 g6 7. Nc3 Bg7 8. Nge2
O-O 9. O-O d6 10. Qc2 Ba6 11. Rd1 Qb6 12. a4 Bxb5 13. Nxb5 Na6 14. Nec3 Nb4 15.
Qe2 Nd7 16. e4 Rfb8 17. Be3 Qd8 18. Rac1 Nb6 19. b3 Nc8 20. g3 Na7 21. Nxa7 Rxa7
22. Nb5 Rab7 23. Bd2 Na6 24. Bc3 Bxc3 25. Rxc3 Nc7 26. Nxc7 Qxc7 27. Rdd3 Rb4
28. Re3 R8b6 29. Qc2 Qb7 30. Rcd3 f6 31. Rc3 Kf7 32. Rcd3 Ke8 33. h4 Kd7 34. Kg2
Qa6 35. Rc3 Rb8 36. Qd1 R8b6 37. h5 1/2-1/2

[Event "7th Sunway Sitges 2020"]
[Site "Sitges ESP"]
[Date "2020.12.15"]
[Round "3.41"]
[White "Ruiz Buendia, Miguel"]
[Black "Jimenez Ruano, Adrian"]
[Result "0-1"]
[BlackTitle "FM"]
[WhiteElo "2039"]
[BlackElo "2279"]
[WhiteFideId "24537675"]
[BlackFideId "22276050"]
[EventDate "2020.12.13"]

1. e4 c5 2. Nf3 d6 3. d4 cxd4 4. Nxd4 Nf6 5. Nc3 a6 6. Be3 e5 7. Nb3 Be6 8. f3
h5 9. Nd5 Bxd5 10. exd5 Nbd7 11. Qd2 g6 12. c4 b6 13. a4 a5 14. Nc1 Bg7 15. Rb1
O-O 16. Be2 Nc5 17. Bd1 e4 18. f4 Ng4 19. O-O Nxe3 20. Qxe3 f5 21. b4 axb4 22.
Rxb4 Qc7 23. Ne2 Ra6 24. Bc2 Nd3 25. Bxd3 exd3 26. Nc1 Bc3 27. Nxd3 Bxb4 28.
Nxb4 Rxa4 29. Nc6 Qf7 30. Qb3 Rfa8 31. Qxb6 Rxc4 32. Qe3 Re8 33. Qg3 Qf6 34. Rb1
Rc3 35. Qf2 Ra3 36. h3 Ra1 37. Rxa1 Qxa1+ 38. Kh2 Re1 39. Kg3 Qc3+ 40. Kh2 Qa1
41. Kg3 Qc1 42. Qd4 Rf1 43. Ne7+ Kf7 0-1

[Event "7th Sunway Sitges 2020"]
[Site "Sitges ESP"]
[Date "2020.12.15"]
[Round "3.42"]
[White "Hernando Rodrigo, Julio Antonio"]
[Black "Ribera Veganzones, Serni"]
[Result "1-0"]
[WhiteTitle "IM"]
[WhiteElo "2275"]
[BlackElo "1926"]
[WhiteFideId "2208350"]
[BlackFideId "6900860"]
[EventDate "2020.12.13"]

1. d4 f5 2. g3 Nf6 3. Bg2 g6 4. Nf3 Bg7 5. O-O O-O 6. c4 d6 7. Nc3 c6 8. Rb1 a5
9. d5 e5 10. dxe6 Bxe6 11. b3 Na6 12. Ng5 Bc8 13. Na4 Re8 14. Bb2 h6 15. Nf3 Be6
16. e3 Nc7 17. Qc2 Qe7 18. Rfd1 d5 19. Bd4 Na6 20. Nb6 Rad8 21. Nh4 Kh7 22. cxd5
Nb4 23. Bc5 Nxc2 24. Bxe7 Rxe7 25. dxe6 Rxd1+ 26. Rxd1 Rxe6 27. Nc4 Nb4 28. a3
Nbd5 29. Nxa5 Re7 30. Nf3 Ne4 31. h4 Rd7 32. Nc4 Re7 33. b4 Nec3 34. Rd3 Ne4 35.
Nd4 Ndf6 36. Nb3 Rc7 37. Rd8 g5 38. hxg5 hxg5 39. Nd4 f4 40. exf4 gxf4 41. gxf4
Bh6 42. Bh3 1-0

[Event "7th Sunway Sitges 2020"]
[Site "Sitges ESP"]
[Date "2020.12.15"]
[Round "3.43"]
[White "Exposito Amaro, Josue"]
[Black "Gardner, Leo"]
[Result "1-0"]
[WhiteTitle "FM"]
[WhiteElo "2273"]
[BlackElo "1533"]
[WhiteFideId "2223198"]
[BlackFideId "24585432"]
[EventDate "2020.12.13"]

1. e4 c5 2. Nf3 d6 3. c3 Nf6 4. Bd3 Nc6 5. h3 e6 6. Bc2 Be7 7. O-O O-O 8. Re1
Qc7 9. d3 b5 10. Nbd2 Bb7 11. Nf1 Rad8 12. Ng3 Nb8 13. Qe2 a6 14. Bd2 Nbd7 15.
Rac1 Nb6 16. b3 Rd7 17. Nh2 Rc8 18. Bb1 c4 19. bxc4 bxc4 20. d4 e5 21. Nf5 Bf8
22. Bg5 Ne8 23. Ng4 g6 24. Nfh6+ Kh8 25. Qe3 Rb8 26. Qg3 exd4 27. cxd4 Bg7 28.
Qh4 Bc8 29. e5 Qc6 30. f3 d5 31. Nf6 Rd8 32. Nxf7# 1-0

[Event "7th Sunway Sitges 2020"]
[Site "Sitges ESP"]
[Date "2020.12.15"]
[Round "3.44"]
[White "Mayrhuber, Nikola"]
[Black "Antova, Gabriela"]
[Result "0-1"]
[WhiteTitle "WFM"]
[BlackTitle "FM"]
[WhiteElo "1998"]
[BlackElo "2247"]
[WhiteFideId "1637819"]
[BlackFideId "2915235"]
[EventDate "2020.12.13"]

1. d4 d5 2. c4 e6 3. g3 Nf6 4. Bg2 dxc4 5. Nf3 a6 6. a4 Nc6 7. O-O Rb8 8. a5 b5
9. axb6 cxb6 10. Bf4 Bd6 11. Ne5 Ne7 12. Nxc4 Bxf4 13. gxf4 Nfd5 14. e3 O-O 15.
Nbd2 Bb7 16. Ne4 Nf5 17. Qh5 h6 18. Ra3 Rc8 19. Qe2 Qe7 20. Ne5 Rc7 21. Nc3 Nxd4
22. Qd3 Nxc3 23. Bxb7 Nce2+ 24. Kh1 Rxb7 25. exd4 Nxf4 26. Qf3 Nd5 27. Rxa6 Rc7
28. Rg1 Rfc8 29. Raa1 Qf6 30. Qg3 h5 31. Qh3 Nf4 32. Qf3 Qf5 33. Ra8 Rxa8 34.
Qxa8+ Kh7 35. Qf8 f6 36. Nf3 Nh3 37. Rg3 Rc1+ 38. Ng1 Qf3+ 39. Rg2 Rxg1# 0-1

[Event "7th Sunway Sitges 2020"]
[Site "Sitges ESP"]
[Date "2020.12.15"]
[Round "3.45"]
[White "Calvo Gonzalez, Jose Felix"]
[Black "Degardin, Sylvain"]
[Result "0-1"]
[WhiteElo "1811"]
[BlackElo "2227"]
[WhiteFideId "54505615"]
[BlackFideId "20623070"]
[EventDate "2020.12.13"]

1. e4 c5 2. Nf3 d6 3. d4 cxd4 4. Nxd4 Nf6 5. Nc3 a6 6. Bc4 e6 7. O-O Be7 8. Bb3
O-O 9. f4 b5 10. a3 Bb7 11. Re1 Nc6 12. f5 Nxd4 13. Qxd4 e5 14. Qd3 Rc8 15. Bg5
Ng4 16. h3 Bxg5 17. hxg4 Qb6+ 18. Kh1 Qc5 19. Rad1 Rfd8 20. Qf3 a5 21. Bd5 Ba6
22. Qh3 Qa7 23. Qh5 h6 24. Bb3 a4 25. Ba2 b4 26. Nd5 bxa3 27. f6 gxf6 28. Rf1
Bxf1 29. Rxf1 Kg7 30. Ne3 Bxe3 0-1